BIBLIOTECA PODER JUDICIAL
Portal Judicial TDF

La influencia del derecho francés en el régimen de responsabilidad del Estado argentino : (Registro nro. 6161)

000 -LEADER
fixed length control field 01188nabaa22002057a 4500
003 - CONTROL NUMBER IDENTIFIER
control field OSt
005 - DATE AND TIME OF LATEST TRANSACTION
control field 20260123203212.0
008 - FIXED-LENGTH DATA ELEMENTS--GENERAL INFORMATION
fixed length control field 190701b xxu||||| |||| 00| 0 spa d
040 ## - CATALOGING SOURCE
Transcribing agency PJ
100 ## - MAIN ENTRY--PERSONAL NAME
9 (RLIN) 34
Personal name Perrino, Pablo Esteban
245 13 - TITLE STATEMENT
Title La influencia del derecho francés en el régimen de responsabilidad del Estado argentino :
Statement of responsibility, etc a propósito de los 150 años del dictado del fallo "Blanco" por el Tribunal de Conflictos /
Remainder of title Pablo E. Perrino.
300 ## - PHYSICAL DESCRIPTION
Extent p. 3-17
500 ## - GENERAL NOTE
General note Cita: TR LALEY AR/DOC/449/2024
505 ## - FORMATTED CONTENTS NOTE
Formatted contents note Sumario: I. La importancia del fallo "Blanco" y su influencia en el derecho argentino.— II. El aporte del fallo "Blanco" y de decisiones posteriores.— III. La influencia en el régimen argentino de responsabilidad estatal.— IV. La autonomía del régimen de la responsabilidad del Estado.— V. Conclusión.
505 ## - FORMATTED CONTENTS NOTE
Title ¿Te interesa el texto completo? Comunicate al correo: koha@justierradelfuego.gov.ar
650 #0 - SUBJECT ADDED ENTRY--TOPICAL TERM
9 (RLIN) 211
Topical term or geographic name as entry element DERECHO ADMINISTRATIVO
650 #0 - SUBJECT ADDED ENTRY--TOPICAL TERM
9 (RLIN) 1215
Topical term or geographic name as entry element RESPONSABILIDAD DEL ESTADO
773 0# - HOST ITEM ENTRY
Host Biblionumber 2842
Host Itemnumber 3251
Place, publisher, and date of publication Buenos Aires : AbeledoPerrot, 2012-
Other item identifier DA121
Title Derecho administrativo. Nº 152 marzo/abril 2024
International Standard Book Number 18510590
942 ## - ADDED ENTRY ELEMENTS (KOHA)
Source of classification or shelving scheme
Koha item type Analítica Artículo de Revista

No hay ítems disponibles.

12 de Octubre 789 Ushuaia - Tel:  54(02901)441571
Horario de Atención: 8.00 a 17.00 hs. 
bibliotecaush@justierradelfuego.gov.ar
koha@justierradelfuego.gov.ar
Seguinos en nuestras redes @bibliojustdf 

Con tecnología Koha